000 02176cam a22004454i 4500
003 PE-LiUPU
005 20250731172808.0
008 150617s1978 sp r 000 0 spa d
020 _a8485376099
035 _a(Sirsi) i9788485376094
040 _aPE-LiUPU
_bspa
_cPE-LiUPU
_erda
049 _aPRUA
082 0 4 _a231.3
_bF363r
_223
100 1 _aFernández Rodríguez, Pedro,
_d1940-,
_eautor.
245 1 3 _aLa Renovación Carismática :
_cedición preparada por Pedro Fernández, O. P.
_bDocumentación Pontificia, Episcopal y Teológica /
264 1 _aSalamanca :
_bSecretario Trinitario,
_c1978.
300 _a228 páginas ;
_c19 centímetros.
336 _atext
_2rdacontent
337 _aunmediated
_2rdamedia
338 _avolume
_2rdacarrier
490 _a(Mundo y Dios ;
_v16)
505 0 _aDocumentación Pontificia. Discurso de Pablo VI delegados de la conferencia internacional de dirigentes de Grottaferrata (1973). Homilía de Pablo VI en Pentecostés (1975) -- Discurso de Pablo VI al III Congreso Internacional de la Renovación Carismática (1975) -- Documentación Episcopal. Informe de los Obispos Americamos sobre el movimiento Pentecostal en la Iglesia Católica de los Estados unidos de América (1969) -- Declaración de la Comisión Episcopal Estudio y práctica Pastoral de los Estados Unidos sobre la Renovación Carismática (1979) -- Mensaje de los Obispos Canadienses a los católicos de aquel país sobre la Renovación Carismática (1975). Declaración de la Conferencia Episcopal Puertorriqueña sobre el Movimiento de Renovación Carismática (1977).
526 _aSEG42
526 _aSEG41
526 _aSEG40
526 _aSEG39
526 _aP94
526 _aP87
526 _aP86
526 _aP85
526 _aP77
526 _aP76
526 _aP35
650 1 4 _aRenovación Carismática Católica
_93773
910 _ajck
942 _2ddc
_cBK
949 _a231.3 F38
_wDEWEY
_c1
_i18258
_d2016-9-25
_e2016-9-20
_lCCODEBUL1
_mBUL
_n4
_r0
_sY
_tBOOK
_u2015-6-17
_xTEOLOGIA
_0COMPRA
_o.STAFF. Colección Teología
980 _81
_gALBERTO SANCHEZ Responsable de Automatización
999 _c3811
_d3811